All McDonald’s Burgers - Statistics

General Stats
  • This quiz has been taken 90 times
  • The average score is 4 of 7
Answer Stats
Answer % Correct
Big Mac
96%
Cheeseburger
84%
Hamburger
65%
Quarter Pounder
65%
Double Cheeseburger
49%
McDouble
23%
Bacon Cheeseburger
9%
No matching quizzes found
Score Distribution
Percent of People with Each Score
Percentile by Number Answered
Your Score History
You have not taken this quiz